The ape who guards the balance / (Record no. 276887)
[ view plain ]
| 000 -LEADER | |
|---|---|
| fixed length control field | 00503nam a2200193Ia 4500 |
| 001 - CONTROL NUMBER | |
| control field | 120529140046093 |
| 003 - CONTROL NUMBER IDENTIFIER | |
| control field | PILC |
| 005 - DATE AND TIME OF LATEST TRANSACTION | |
| control field | 20141129015216.0 |
| 008 - FIXED-LENGTH DATA ELEMENTS--GENERAL INFORMATION | |
| fixed length control field | 120529s1998 ph 000 0 eng |
| 020 ## - INTERNATIONAL STANDARD BOOK NUMBER | |
| International Standard Book Number | 0380798565 |
| 050 ## - LIBRARY OF CONGRESS CALL NUMBER | |
| Classification number | FIC P48a 1998 |
| 090 ## - LOCALLY ASSIGNED LC-TYPE CALL NUMBER (OCLC); LOCAL CALL NUMBER (OCLC) | |
| Classification number (OCLC) (R) ; Classification number, CALL (RLIN) (NR) | FIC P48a 1998 |
| 100 1# - MAIN ENTRY--PERSONAL NAME | |
| Personal name | Peters, Elizabeth. |
| 245 10 - TITLE STATEMENT | |
| Title | The ape who guards the balance / |
| Statement of responsibility, etc | Elizabeth Peters. |
| 260 ## - PUBLICATION, DISTRIBUTION, ETC. (IMPRINT) | |
| Place of publication, distribution, etc | New York : |
| Name of publisher, distributor, etc | Avon Books, |
| Date of publication, distribution, etc | 1998. |
| 300 ## - PHYSICAL DESCRIPTION | |
| Extent | 444 p. ; |
| Dimensions | 17 cm. |
| 650 #4 - SUBJECT ADDED ENTRY--TOPICAL TERM | |
| Topical term or geographic name as entry element | Fiction. |
| 942 ## - ADDED ENTRY ELEMENTS (KOHA) | |
| Source of classification or shelving scheme | Library of Congress Classification |
| Koha item type | Books |
| Withdrawn status | Lost status | Source of classification or shelving scheme | Damaged status | Not for loan | Home library | Current library | Shelving location | Date acquired | Total Checkouts | Full call number | Barcode | Date last seen | Price effective from | Koha item type | Public note |
|---|---|---|---|---|---|---|---|---|---|---|---|---|---|---|---|
| Lost | Library of Congress Classification | College Library | College Library | Fiction Section | 05/29/2012 | FIC P48a 1998 | 000031 | 05/29/2012 | 11/03/2014 | Books | lost and replaced by the book entitled " Let in Snow " - C21590 - see reference 17-18 inventory |